Hebrew myths : (Record no. 6263)
[ view plain ]
| 000 -LEADER | |
|---|---|
| fixed length control field | 00833cam a2200289 a 4500 |
| 001 - CONTROL NUMBER | |
| JCCL Control Number | 6263 |
| 003 - CONTROL NUMBER IDENTIFIER | |
| JCCL marc code | BD-JhCC |
| 005 - DATE AND TIME OF LATEST TRANSACTION | |
| control field | 20180118163910.0 |
| 008 - FIXED-LENGTH DATA ELEMENTS--GENERAL INFORMATION | |
| fixed length control field | 040602s1965 enkb 000 0 eng |
| 020 ## - INTERNATIONAL STANDARD BOOK NUMBER | |
| International Standard Book Number | 185754661x |
| 035 ## - SYSTEM CONTROL NUMBER | |
| system control number | (BD-JhCC)6263 |
| 040 ## - CATALOGING SOURCE | |
| Original cataloging agency | BDS |
| Modifying agency | BD-JhCC |
| 041 ## - LANGUAGE CODE | |
| Language code of Book | eng |
| 082 14 - DEWEY DECIMAL CLASSIFICATION NUMBER | |
| Classification number | 222.11068 |
| DDC Edition number | 22 |
| Author mark and Year | GRA 1965 |
| 100 1# - MAIN ENTRY--PERSONAL NAME | |
| Personal name | Graves, Robert, |
| Dates associated with a name | 1895-1985. |
| 245 10 - TITLE STATEMENT | |
| Title | Hebrew myths : |
| Remainder of title | the book of Genesis / |
| Statement of responsibility, etc | Robert Graves and Raphael Patai ; edited [with an introduction] by Robert A. Davis. |
| 260 ## - PUBLICATION, DISTRIBUTION, ETC. (IMPRINT) | |
| Place of publication, distribution, etc | London : |
| Name of publisher, distributor, etc | Cassell, |
| Date of publication, distribution, etc | 1965. |
| 300 ## - PHYSICAL DESCRIPTION | |
| Pagination | 311 p. : |
| Dimensions | 23 cm. |
| 500 ## - GENERAL NOTE | |
| General note | Includes index. |
| 650 #0 - SUBJECT ADDED ENTRY--TOPICAL TERM | |
| Topical term or geographic name as entry element | Jewish mythology. |
| 650 #0 - SUBJECT ADDED ENTRY--TOPICAL TERM | |
| Topical term or geographic name as entry element | Bible |
| 650 #0 - SUBJECT ADDED ENTRY--TOPICAL TERM | |
| Topical term or geographic name as entry element | Mythology, Semitic. |
| Geographic subdivision | Genesis |
| 650 #0 - SUBJECT ADDED ENTRY--TOPICAL TERM | |
| Topical term or geographic name as entry element | Jewish Mythology |
| 700 1# - ADDED ENTRY--PERSONAL NAME | |
| Personal name | Patai, Raphael, |
| Dates associated with a name | 1910-1996. |
| 942 ## - ADDED ENTRY ELEMENTS (KOHA) | |
| Source of classification or shelving scheme | Dewey Decimal Classification |
| Koha item type | Books |
| Source of classification or shelving scheme | Damaged status | Not for loan | Home library | Current library | Shelving location | Date of accession | Total Checkouts | Full call number | Barcode | Date last seen | Copy number | Koha item type |
|---|---|---|---|---|---|---|---|---|---|---|---|---|
| Dewey Decimal Classification | JCC Rouf Library | JCC Rouf Library | General Stacks | 01/18/2018 | 222.11068 GRA 1965 | 1091 | 01/18/2018 | C-1 | Books |